000 004740000a22001690004500
003 MACL
005 20160304152824.0
008 160304b xxu||||| |||| 00| 0 eng d
040 _aMACL
_cMACL
041 _aHindi
082 _a891.431
100 _aवर्मा रामकुमार
_941290
245 _aएकलव्‍य
260 _bभारती भ्ंडार
_aइलाहाबाद
650 _aPoetry
_942714
942 _cHIN
_k891.431
_2ddc
999 _c24904
_d24904